every non plant or zombie character in PvZ - Statistics

General Stats
  • This quiz has been taken 3 times
    2 since last reset
  • The average score is 3 of 29
Answer Stats
Answer % Correct
Crazy Dave
100%
penny
100%
mo
50%
Bernie the bee
0%
brave dave
0%
burt
0%
cai lun
0%
clam
0%
Dave bot 3000
0%
Dave bot 3000.1
0%
dottie
0%
douglas fir
0%
evil dave
0%
fondue frank
0%
harvey flaxcaster
0%
hidey
0%
hot rod chicken
0%
matilda
0%
mr reward o tron
0%
nate timely
0%
officer ron
0%
outhouse human
0%
out of shape human
0%
patrice blazing
0%
rabbit
0%
seagull
0%
sleepy bat
0%
snowman
0%
Stinky the snail
0%
No matching quizzes found
Score Distribution
Percent of People with Each Score
Percentile by Number Answered
Your Score History
You have not taken this quiz since the last reset